Statistics for Teachers: Create a Quiz Like This!

Click here to take the quiz!

General Stats

  • This quiz has been taken 461 times
  • The average score is 6 of 6

Answer Stats

Hint Answer % Correct
12 + 77 =89
99%
Number of states in the USA50
98%
Month that contains only 3 lettersMay
98%
The Ipad and Iphone are products of this companyApple
97%
Name of this websiteJetPunk
97%
Capital of RussiaMoscow
94%

Score Distribution

Percentile by Number Answered

Percent of People with Each Score

Your Score History

You have not taken this quiz